[Event "CP-2017-P-00014"]
[Site "LSS email"]
[Date "2017.09.27"]
[Round "?"]
[White "Johnson, Heinrich"]
[Black "Voudouris, Nick"]
[Result "1-0"]
[WhiteElo "2179"]
[BlackElo "1601"]
[PlyCount "55"]
[EventDate "2017.10.01"]
[EventType "tourn (corr)"]
[EventRounds "6"]
[EventCountry "GER"]
[SourceTitle "Corr 2022"]
[Source "ChessBase"]
[SourceDate "2021.10.24"]
[SourceVersion "1"]
[SourceVersionDate "2021.10.24"]
[SourceQuality "1"]

1. e4 c5 2. Nf3 f5 3. exf5 Nc6 4. d4 d5 5. dxc5 Bxf5 6. Bb5 Nf6 7. 0-0 e6 8. Nd4 Kf7 9. Bxc6 bxc6 10. b4 Qc7 11. Bb2 a5 12. a3 Be7 13. Nd2 Rhe8 14. Re1 Qb7 15. N2b3 axb4 16. axb4 Rxa1 17. Qxa1 Ra8 18. Qc1 Qxb4 19. Nxc6 Qb7 20. Nxe7 Qxe7 21. Be5 Ra2 22. c6 Ng4 23. c7 Qd7 24. Bg3 Rxc2 25. Nd4 Rc4 26. h3 Nf6 27. Qa1 Rxc7 28. Nf3 1-0

[Event "ZH-2017-0-01605"]
[Site "LSS email"]
[Date "2017.08.19"]
[Round "?"]
[White "Johnson, Heinrich"]
[Black "Dehaybe, Andre"]
[Result "1-0"]
[WhiteElo "2144"]
[BlackElo "2216"]
[PlyCount "41"]
[EventDate "2017.08.01"]
[EventType "match (corr)"]
[EventRounds "2"]
[EventCountry "GER"]
[SourceTitle "Corr 2022"]
[Source "ChessBase"]
[SourceDate "2021.10.24"]
[SourceVersion "1"]
[SourceVersionDate "2021.10.24"]
[SourceQuality "1"]

1. e4 c5 2. Nf3 e6 3. d4 cxd4 4. Nxd4 Nf6 5. Nc3 Nc6 6. Nxc6 bxc6 7. e5 Nd5 8. Ne4 Qc7 9. f4 f5 10. exf6 gxf6 11. Bd2 Rb8 12. c4 Nxf4 13. Qf3 Ng6 14. Nxf6+ Kd8 15. 0-0-0 Be7 16. g4 h6 17. h4 Ne5 18. Qf4 c5 19. Rg1 Nc6 20. g5 Rf8 21. Qe3 1-0

[Event "SA-2017-0-00591"]
[Site "LSS email"]
[Date "2017.08.05"]
[Round "?"]
[White "Ramponelli, Roberto"]
[Black "Johnson, Heinrich"]
[Result "1-0"]
[WhiteElo "2173"]
[BlackElo "2144"]
[PlyCount "79"]
[EventDate "2017.07.18"]
[EventType "tourn (corr)"]
[EventRounds "6"]
[EventCountry "GER"]
[SourceTitle "Corr 2022"]
[Source "ChessBase"]
[SourceDate "2021.10.24"]
[SourceVersion "1"]
[SourceVersionDate "2021.10.24"]
[SourceQuality "1"]

1. Nf3 d5 2. c4 d4 3. b4 f6 4. e3 e5 5. c5 a5 6. Qa4+ Qd7 7. Bb5 c6 8. Bc4 dxe3 9. fxe3 Qg4 10. b5 Qxg2 11. Rf1 Nh6 12. Nc3 Bxc5 13. Ne4 Bf8 14. Ba3 Bf5 15. Bd3 Bxa3 16. Nh4 Bxe4 17. Nxg2 Bxd3 18. Qxa3 Bxf1 19. Kxf1 cxb5 20. Qb3 Ke7 21. Qxb5 Rc8 22. Rb1 Nf7 23. Qd3 Nd7 24. Qxh7 Rh8 25. Qg6 b6 26. h4 Rad8 27. d4 Kf8 28. Rc1 f5 29. Qxf5 Rh6 30. Kg1 Rf6 31. Qe4 Re8 32. Qd3 Rd6 33. Rc7 Kg8 34. a4 exd4 35. exd4 Nf6 36. Nf4 Re4 37. Qc4 Nd7 38. Rc8+ Nf8 39. Nd5 Rxh4 40. Rb8 1-0

[Event "SA-2017-0-00582"]
[Site "LSS email"]
[Date "2017.06.23"]
[Round "?"]
[White "Cvak, Rudolf"]
[Black "Johnson, Heinrich"]
[Result "1/2-1/2"]
[WhiteElo "2339"]
[BlackElo "2135"]
[PlyCount "57"]
[EventDate "2017.06.01"]
[EventType "tourn (corr)"]
[EventRounds "6"]
[EventCountry "GER"]
[SourceTitle "Corr 2022"]
[Source "ChessBase"]
[SourceDate "2021.10.24"]
[SourceVersion "1"]
[SourceVersionDate "2021.10.24"]
[SourceQuality "1"]

1. e4 c5 2. Nf3 d6 3. d4 cxd4 4. Nxd4 Nf6 5. Nc3 a6 6. Nb3 e6 7. g4 b5 8. Bg2 Bb7 9. a3 Nc6 10. h4 Rc8 11. g5 Nd7 12. f4 Be7 13. Be3 h6 14. Qe2 hxg5 15. hxg5 Rxh1+ 16. Bxh1 Na5 17. Nxa5 Qxa5 18. 0-0-0 Nb6 19. g6 Nc4 20. gxf7+ Kf8 21. Rg1 Nxb2 22. Bd4 e5 23. fxe5 Nc4 24. Qh5 dxe5 25. Qh8+ Kxf7 26. Rxg7+ Ke6 27. Qh3+ Kd6 28. Qh6+ Kd7 29. Qh3+ 1/2-1/2

[Event "SA-2017-0-00582"]
[Site "LSS email"]
[Date "2017.06.23"]
[Round "?"]
[White "Johnson, Heinrich"]
[Black "Mostowik, Daniel"]
[Result "1/2-1/2"]
[WhiteElo "2135"]
[BlackElo "2160"]
[PlyCount "81"]
[EventDate "2017.06.01"]
[EventType "tourn (corr)"]
[EventRounds "6"]
[EventCountry "GER"]
[SourceTitle "Corr 2022"]
[Source "ChessBase"]
[SourceDate "2021.10.24"]
[SourceVersion "1"]
[SourceVersionDate "2021.10.24"]
[SourceQuality "1"]

1. c4 e5 2. Nc3 Nc6 3. Nf3 Nf6 4. g3 d5 5. cxd5 Nxd5 6. Bg2 Be6 7. 0-0 Be7 8. d4 exd4 9. Nxd4 Nxc3 10. bxc3 Nxd4 11. cxd4 c6 12. Rb1 Qd7 13. Qa4 0-0 14. d5 Bxd5 15. Bxd5 Qxd5 16. Rxb7 Bc5 17. Bf4 Rae8 18. Qc2 Bb6 19. Rd1 Qh5 20. e3 c5 21. Rdd7 Rd8 22. Kg2 Rxd7 23. Rxd7 Qg6 24. Qc4 Re8 25. f3 Qf6 26. e4 Qb2+ 27. Kh3 Qf6 28. Rd6 Qe7 29. Qd5 Rd8 30. Rxd8+ Qxd8 31. Qxd8+ Bxd8 32. Kg4 c4 33. Kf5 c3 34. e5 Kf8 35. Ke4 Bb6 36. Kd3 Ke7 37. Kxc3 Ke6 38. Kc4 a6 39. a4 g6 40. g4 h5 41. Kd3 1/2-1/2

[Event "SA-2017-0-00582"]
[Site "LSS email"]
[Date "2017.06.23"]
[Round "?"]
[White "Muniz Pardino, Alberto"]
[Black "Johnson, Heinrich"]
[Result "1/2-1/2"]
[WhiteElo "2247"]
[BlackElo "2135"]
[PlyCount "49"]
[EventDate "2017.06.01"]
[EventType "tourn (corr)"]
[EventRounds "6"]
[EventCountry "GER"]
[SourceTitle "Corr 2022"]
[Source "ChessBase"]
[SourceDate "2021.10.24"]
[SourceVersion "1"]
[SourceVersionDate "2021.10.24"]
[SourceQuality "1"]

1. d4 Nf6 2. c4 e6 3. Nf3 b6 4. g3 Bb7 5. Bg2 Bb4+ 6. Bd2 Be7 7. Nc3 c6 8. 0-0 d5 9. Ne5 0-0 10. Rc1 Nfd7 11. Bf4 Nxe5 12. dxe5 Na6 13. h4 Rc8 14. Qd2 dxc4 15. Ne4 Qxd2 16. Bxd2 Nc5 17. Bg5 Bxg5 18. hxg5 Nxe4 19. Bxe4 b5 20. Rfd1 Rfd8 21. f4 g6 22. Kf2 Kf8 23. Ke3 Rxd1 24. Rxd1 Rc7 25. Rd8+ 1/2-1/2